000 00864 a2200241 4500
005 20180312141943.0
008 131003s1984 xxua br|||| 00| 0 eng d
020 _a0064440478
040 _aCO-BoUCM
_bspa
_cJose A. Gerena
_dJose A. Gerena
041 0 0 _aeng
100 1 _aBonsall, Crosby
_947253
245 1 4 _aThe case of the scaredy cats
_cCrosby Bonsall
260 _c1984
_bHarper trophy
_aNueva York (Estados Unidos)
300 _a64 páginas
_bilustraciones a color
490 _aAn i can read book
650 7 _918516
_aLibros ilustrados para niños
650 7 _918524
_aLibros y lectura para niños
650 7 _918685
_aLiteratura infantil estadounidense
650 7 _920374
_aNiños en la literatura
690 _942862
_aLiteratura estadounidense
942 _a18
_cLIBRO
_e1
_mB644s
_2DEWEY
_h818.54
_n0
999 _c181858
_d181858